|
|
|
|
| LEADER |
00982naa a2200229 i 4500 |
| 001 |
acta72125 |
| 005 |
20230509123620.0 |
| 008 |
210226s2019 hu o 1|| hun d |
| 020 |
|
|
|a 978 963 306 656 0
|
| 040 |
|
|
|a SZTE Egyetemi Kiadványok Repozitórium
|b hun
|
| 041 |
|
|
|a hun
|
| 100 |
1 |
|
|a Sulyok Hedvig
|
| 245 |
1 |
0 |
|a Gondolatok a nyelv sokszínűségéről
|h [elektronikus dokumentum] :
|b [előadáskivonat] /
|c Sulyok Hedvig
|
| 260 |
|
|
|c 2019
|
| 300 |
|
|
|a 4-5
|
| 490 |
0 |
|
|a Határtalan nyelvészet alkalmazásban, határtalan alkalmazás a nyelvészetben
|
| 650 |
|
4 |
|a Bölcsészettudományok
|
| 650 |
|
4 |
|a Nyelvek és irodalom
|
| 695 |
|
|
|a Nyelvészet - alkalmazott - előadáskivonat, Kommunikáció - előadáskivonat
|
| 700 |
0 |
1 |
|a Basch Éva
|e aut
|
| 711 |
|
|
|a Határtalan nyelvészet alkalmazásban, határtalan alkalmazás a nyelvészetben
|c Szeged
|d 2018
|
| 856 |
4 |
0 |
|u http://acta.bibl.u-szeged.hu/72125/1/hatartalan_nyelveszet_absztraktkotet_2019_004-005.pdf
|z Dokumentum-elérés
|